000 00337nam a2200121Ia 4500
008 220620s9999||||xx |||||||||||||| ||und||
245 0 _aSoft Tissue Tumors
546 _aEnglish[eng]
650 _aOncology
700 _aDerbel, Fethi
856 _uhttps://mts.intechopen.com/storage/books/810/authors_book/authors_book.pdf
942 _cEB
999 _c28575
_d28575